Runaway Ralph /

Ralph runs away looking for freedom but winds up a prisoner at a summer camp.

Bibliographic Details
Main Author: Cleary, Beverly
Other Authors: Darling, Louis
Format: Book
Language:English
Published: New York : Morrow, [1970]
Subjects:

MARC

Tag First Indicator Second Indicator Subfields
LEADER 00000cam a2200000 a 4500
001 in00000088350
005 20151008063144.0
008 700617s1970 nyua j 00011 engm
010 |a  77095786  
035 |a (OCoLC)00079054 
035 |9 AAK1690AM 
040 |a DLC  |c DLC  |d m.c.  |d TXA  |d UtOrBLW 
049 |a [Curr Col] TXAM  |c [388603] 
050 0 0 |a PZ7.C5792  |b Ru 
100 1 |a Cleary, Beverly. 
245 1 0 |a Runaway Ralph /  |c Beverly Cleary ; illustrated by Louis Darling. 
264 1 |a New York :  |b Morrow,  |c [1970] 
264 4 |c ©1970 
300 |a 175 pages :  |b illustrations ;  |c 21 cm. 
336 |a text  |b txt  |2 rdacontent 
337 |a unmediated  |b n  |2 rdamedia 
338 |a volume  |b nc  |2 rdacarrier 
520 |a Ralph runs away looking for freedom but winds up a prisoner at a summer camp. 
650 1 |a Mice  |x Fiction. 
700 1 |a Darling, Louis. 
999 |a MARS 
999 f f |s 1be8d9ab-2fdd-36dc-8fef-2c59843c43de  |i 7e53926b-095c-34ed-81d0-a1a3ac636e0e  |t 0 
952 f f |p normal  |a Texas A&M University  |b College Station  |c Sterling C. Evans Library  |d Evans: Curriculum Collection (4th floor)  |t 0  |e PZ7.C5792 Ru  |h Library of Congress classification  |i unmediated -- volume  |m A14821534859 
998 f f |a PZ7.C5792 Ru  |t 0  |l Evans: Curriculum Collection (4th floor)